00498nam a2200181Ia 450000100060000000800410000602000180004704000130006508200160007810000150009424500620010926000090017130000110018054600070019194200070019899900170020595200940022214865140403s9999 xx 000 0 und d a0-06-062990-8 cPK-LaUMT a 220bFOX-T aFox, Emmet 4aThe ten commandments : The master key to lifecFox, Emmet c1953 a158 p. aEN cBK c15425d15425 00104070a01b01d2014-04-03l0o 220 FOX-Tp17084r2014-04-22 00:00:00w2014-04-22yBK